| 000 | 01534nam0a2200373 4500 | ||
|---|---|---|---|
| 001 | RU\NLR\BIBL_A\016318481 | ||
| 005 | 20230424150947.0 | ||
| 010 |
_a978-5-9704-7596-6 _93000 |
||
| 021 |
_aRU _bКН-П-23-007034 _9КН-П-23-0678 |
||
| 035 | _a(NLR Aleph) 016318481 | ||
| 035 | _a(RuMoRGB)011575708 | ||
| 090 |
_a13024166 _c13024166 |
||
| 100 | _a20230321d2023 k y0rusy50 ca | ||
| 101 | 0 | _arus | |
| 102 | _aRU | ||
| 105 | _aa j 001zy | ||
| 181 | 0 |
_ai3 _baxxe |
|
| 182 | 0 | _an | |
| 200 | 1 |
_aДепрессии у женщин _eруководство для врачей _fН. А. Тювина, А. Е. Столярова, Е. О. Воронина |
|
| 203 |
_aТекст _bвизуальный _cнепосредственный |
||
| 210 |
_aМосква _cГЭОТАР-Медиа _d2023 |
||
| 215 |
_a157, [2] с. _cил., табл. _d21 |
||
| 320 | _aБиблиогр.: с. 135-158 (337 назв.) | ||
| 320 | _aПредм. указ. в конце кн. | ||
| 606 | 1 |
_aДепрессия (психиатр.) женщин _jРуководства, пособия и т.п _2nlr_sh2 _3RU\NLR\AUTH\661405207 |
|
| 675 |
_a616.895.4-055.2 _v4 |
||
| 686 | 1 | _aР64-323.13я77 | |
| 700 | 1 |
_aТювина _bН. А. _gНина Аркадьевна |
|
| 701 | 1 |
_aСтолярова _bА. Е. _gАнжелика Евгеньевна |
|
| 701 | 1 |
_aВоронина _bЕ. О. _gЕкатерина Олеговна |
|
| 942 | _cBOOK | ||
| 980 | _aNB | ||